[Event "Kalyan op 2nd"]
[Site "Kalyan"]
[Date "2019.02.02"]
[Round "9"]
[White "Ahmed, Feroz"]
[Black "Kasar, Prashant"]
[Result "1-0"]
[WhiteElo "1919"]
[BlackElo "1495"]
[PlyCount "55"]
[EventDate "2019.01.29"]
[EventType "swiss"]
[EventRounds "10"]
[EventCountry "IND"]
[SourceTitle "CBM 188 Extra"]
[Source "ChessBase"]
[SourceDate "2019.02.26"]
[SourceVersion "1"]
[SourceVersionDate "2019.02.26"]
[SourceQuality "1"]

1. c4 g6 2. g3 Bg7 3. d4 d6 4. Bg2 c6 5. e4 Nf6 6. Nc3 0-0 7. Nge2 e5 8. 0-0 Re8 9. h3 Nbd7 10. d5 c5 11. f4 Nb6 12. Qd3 exf4 13. gxf4 Nh5 14. Bd2 f5 15. Kh2 fxe4 16. Bxe4 Qf6 17. Rg1 Kh8 18. b3 Qh4 19. Raf1 Bh6 20. Rf3 Rf8 21. Be1 Qe7 22. Bxg6 Nxf4 23. Nxf4 Bxf4+ 24. Rxf4 Rxf4 25. Ne2 Bf5 26. Bc3+ Rd4 27. Bxd4+ cxd4 28. Qxd4+ 1-0